Normal view
MARC view
- Nema , Prabhat K
Entry Personal Name
001 - CONTROL NUMBER
- control field: 4023
003 - CONTROL NUMBER IDENTIFIER
- control field: OSt
005 - DATE AND TIME OF LATEST TRANSACTION
- control field: 20190515110155.0
008 - FIXED-LENGTH DATA ELEMENTS
- fixed length control field: 190515|| aca||aabn | a|a d
040 ## - CATALOGING SOURCE
- Original cataloging agency: OSt
- Transcribing agency: OSt
100 ## - HEADING--PERSONAL NAME
- Personal name: Nema , Prabhat K
670 ## - SOURCE DATA FOUND
- Source citation: Work cat.: (OSt)15545: Drying technologies for foods : Fundamentals and applications Part 3, 2018
